| 000 | 00353cam a22001097a 4500 | ||
|---|---|---|---|
| 008 | 180718b1946 xxu||||| |||| 00| 0 eng d | ||
| 082 | _aT19x54 K123 | ||
| 100 | _aKakade, R.G. | ||
| 245 |
_aA socio-economic survey of weaving communities in Solapur _cby R.G. Kakade |
||
| 260 |
_aPoona _bGokhale Institute of Politics and Economics _c1946 |
||
| 300 | _ax,221p. | ||
| 999 |
_c436797 _d436797 |
||